<?xml version="1.0" encoding="UTF-8"?>
<collection xmlns="http://www.loc.gov/MARC21/slim">
 <record>
  <leader>00740nam a22001931i 4500</leader>
  <controlfield tag="001">1/15761</controlfield>
  <controlfield tag="008">990716s1967    enk                 eng d</controlfield>
  <datafield tag="035" ind1=" " ind2=" ">
   <subfield code="l">16261</subfield>
  </datafield>
  <datafield tag="040" ind1=" " ind2=" ">
   <subfield code="a">DLC</subfield>
   <subfield code="b">GR-PeUP</subfield>
  </datafield>
  <datafield tag="090" ind1=" " ind2=" ">
   <subfield code="a">382.9 FI</subfield>
  </datafield>
  <datafield tag="245" ind1="1" ind2="0">
   <subfield code="a">Fiscal harmonization in Common Market /</subfield>
   <subfield code="c">editor Carl S. Shoup</subfield>
  </datafield>
  <datafield tag="260" ind1=" " ind2=" ">
   <subfield code="a">New York :</subfield>
   <subfield code="b">Columbia University Press ,</subfield>
   <subfield code="c">1967</subfield>
  </datafield>
  <datafield tag="300" ind1=" " ind2=" ">
   <subfield code="a">2 v. ;</subfield>
   <subfield code="c">24 cm.</subfield>
  </datafield>
  <datafield tag="504" ind1=" " ind2=" ">
   <subfield code="a">Include bibliography</subfield>
  </datafield>
  <datafield tag="650" ind1=" " ind2="4">
   <subfield code="a">International economic integration.</subfield>
  </datafield>
  <datafield tag="700" ind1="1" ind2=" ">
   <subfield code="a">Shoup, Carl S.</subfield>
   <subfield code="e">ed.</subfield>
  </datafield>
  <datafield tag="710" ind1="2" ind2=" ">
   <subfield code="a">Columbia University.</subfield>
   <subfield code="b">School of International Affairs.</subfield>
  </datafield>
  <datafield tag="852" ind1=" " ind2=" ">
   <subfield code="a">INST</subfield>
   <subfield code="b">UNIPILB</subfield>
   <subfield code="c">MAIN</subfield>
   <subfield code="e">20040709</subfield>
   <subfield code="h">382.9 FI</subfield>
   <subfield code="p">00131337</subfield>
   <subfield code="q">00131337</subfield>
   <subfield code="t">LOAN</subfield>
   <subfield code="v">v.2:</subfield>
   <subfield code="y">0</subfield>
   <subfield code="z">v.2</subfield>
   <subfield code="4">1</subfield>
  </datafield>
  <datafield tag="852" ind1=" " ind2=" ">
   <subfield code="a">INST</subfield>
   <subfield code="b">UNIPILB</subfield>
   <subfield code="c">MAIN</subfield>
   <subfield code="e">20040709</subfield>
   <subfield code="h">382.9 FI</subfield>
   <subfield code="p">00131360</subfield>
   <subfield code="q">00131360</subfield>
   <subfield code="t">LOAN</subfield>
   <subfield code="v">v.1:</subfield>
   <subfield code="y">0</subfield>
   <subfield code="z">v.1</subfield>
   <subfield code="4">1</subfield>
  </datafield>
 </record>
</collection>
